00446nam a2200121 a 4500008004100000050001900041100002700060245008200087260010000169350000900269650000900278650003700287071203s2000 ||||||||||||||||| || u aTHESIS/STUDENT aChizinga, Harry Mambwe10aBriefing: towards enhancing client's value for money on construction projects aKitwebCopperbelt University, School of Built Environment, Department of Building Sciencec2000 a0.00 aLAND aBRIEFING IN CONSTRUCTION--ZAMBIA